| 000 | 00360nam a22001457a 4500 | ||
|---|---|---|---|
| 020 | _qPB. | ||
| 040 | _cFIZZA ISHAQ | ||
| 082 |
_a624.183 _bBIL |
||
| 100 |
_aBUNGEY, JOHN MOSLEY BILL. _990127 |
||
| 245 |
_aREINFORCED CONCRETE DESIGN / _cBILL MOSLEY JOHN BUNGEY. |
||
| 250 | _a7th ED. | ||
| 260 |
_aLONDON ; _c1976. |
||
| 300 | _a448 P. ; | ||
| 942 |
_2ddc _cBK |
||
| 999 |
_c588495 _d588495 |
||